| 000 | 00715cam a22002292 4500 | ||
|---|---|---|---|
| 001 | 0000013047 | ||
| 005 | 20151217152121.0 | ||
| 008 | 090525s xx 000 0 eng d | ||
| 020 | _a0070634541 : | ||
| 040 |
_aKABU _cKABU |
||
| 100 | 1 |
_aSingh, R. P. _@0000168326 |
|
| 245 | 1 | 0 |
_aCommunication systems : _banalog and digital / _cR. P. Singh, S. D. Sapre. |
| 250 | _a2nd ed. | ||
| 260 |
_aNew Delhi : _bTata McGraw-Hill, _c2007. |
||
| 300 | _axviii, 584 p. | ||
| 650 | 0 |
_aTelecommunication systems. _@0000154288 |
|
| 650 | 0 |
_aDigital communications. _@0000157685 |
|
| 700 | 1 |
_aSapre, S. D. _@0000170140 |
|
| 852 | 1 | _9p2,800 KES | |
| 908 | _a090525 | ||
| 950 | _@1 | ||
| 999 |
_c8420 _d8420 |
||